Statistiken für Pokemon Editionen Quiz

Klicken Sie hier um das Quiz zu spielen!

Allgemein

  • Dieses Quiz wurde 2.682 mal gespielt
    (2.558 seit der letzten Aktualisierung)
  • Das Durchschnittsergebnis liegt bei 25 aus 30

Antwortstatistiken

Erscheinungsjahr in EuropaPokemonedition% Korrekt
1999Blaue Edition
99%
1999Rote Edition
99%
2000Gelbe Edition
97%
2011Schwarze Edition
93%
2011Weiße Edition
93%
2001Goldene Edition
92%
2003Rubin Editon
92%
2001Silberne Edition
92%
2007Diamant Edition
91%
2003Saphir Edition
91%
2007Perl Edition
88%
2019Pokemon Schild
87%
2019Pokemon Schwert
87%
2013Pokemon X
87%
2013Pokemon Y
87%
2016Pokemon Mond
85%
2016Pokemon Sonne
85%
2005Smaragd Edition
84%
2004Blattgrüne Edition
82%
2004Feuerrote Edition
82%
2009Platin Edition
80%
2012Schwarze Edition 2
79%
2012Weiße Edition 2
79%
2017Pokemon Ultramond
73%
2017Pokemon Ultrasonne
73%
2010Soulsilver Edition
73%
2010Heartgold Edition
72%
2014Pokemon Omega Rubin
72%
2001Kristall Edition
71%
2014Pokemon Alpha Saphir
71%

Verteilung der Resultate

Perzentil nach korrekt beantworteten Fragen

Anzahl Personen mit jedem Resultat

Ihre Resultats-Entwicklung

Sie haben dieses Quiz seit der letzten Aktualisierung nicht gespielt